00392nam a2200181Ia 4500003000900000008004100009040001300050040001300063041000800076100002100084245004800105250000900153260001300162260000900175300001000184300001000194490000600204IT-RoPAU120407s9999 xx 000 0 und d aIT-RoPAU cIT-RoPAU aita aGianfranco Nolli aAppunti di mariologia del Nuovo Testamento. aRoma aMarianum c1966 a51 p. c24 cm v1